00450nam a22001337a 4500008004100000041000800041080001000049100000600059101001100065245007900076942001200155999001700167952013200184180605b xxu||||| |||| 00| 0 eng d aeng a043.3 a0 aMBE-BA aSistemi Tatimor ne Kosove dhe Tatimi mbi te ardhurat personalecJanjeva, H 2udccBK c46336d46336 00102udc40708PËKGa002b002cDisertacionetd2018-06-05l0o043.3 Janjeva, H 2012p002-3009282r2018-06-05w2018-06-05yBK